Statistiques concernant Focus sur: Antonin Dolohov - Harry Potter

Cliquez ici pour prendre le quiz!

Statistiques générales

  • Ce quiz a été pris 170 fois
  • Le résultat moyen est 3 sur 5

Statistiques - réponses

Informations recherchéesRéponses% Correct
Statut du sangSang-Pur ou Sang-Mêlé
100%
Couleur des cheveux"Sombre"
92%
Première apparitionHarry Potter et la Coupe de Feu
89%
Lieu de rencontre avec Harry PotterMinistère de la Magie
34%
Acteur l'interprétant dans les filmsArben Bajraktaraj
17%

Distribution des résultats

Percentile par nombre de réponses

% des personnes avec chaque résultat

Votre développement - résultats

Vous n’avez pas pris ce quiz